[Event "XXVI. Rhein-Main-Open, Gruppe B"]
[Site "Bad Homburg vor der Höhe"]
[Date "2024.06.01"]
[Round "5"]
[White "Negru, Maximilian"]
[Black "Xu, Dorothea Sicheng"]
[Result "1-0"]
[WhiteElo "1605"]
[BlackElo "1256"]
[PlyCount "109"]
[EventDate "2024.??.??"]
[WhiteTeam "SK Bad Homburg 1927"]
[BlackTeam "SK Bad Homburg 1927"]

1. e4 e5 2. Nf3 Nc6 3. Bc4 Nf6 4. d4 exd4 5. e5 d5 6. Bb5 Ne4 7. Nxd4 Bd7 8. O-O Bc5 9. Bxc6 bxc6 10. f3 Ng5 11. c3 O-O 12. b4 Bb6 13. Kh1 Re8 14. f4 Ne4 15. Qf3 h6 16. Nd2 Nxd2 17. Bxd2 c5 18. bxc5 Bxc5 19. Rae1 Bxd4 20. cxd4 Bb5 21. Rf2 Bc4 22. f5 f6 23. Qg4 Kh7 24. Qg6+ Kh8 25. Rf3 Re7 26. Bxh6 gxh6 27. Qxf6+ Rg7 28. Qxd8+ Rxd8 29. f6 Rf7 30. e6 Re8 31. Re5 Rff8 32. g4 Bxa2 33. g5 Bb1 34. Rh3 Be4+ 35. Kg1 h5 36. Rxh5+ Bh7 37. f7 Re7 38. g6 Kg7 39. gxh7 Rh8 40. Reg5+ Kf6 41. f8=Q+ Rxf8 42. Rf5+ Kxe6 43. Rxf8 Rg7+ 44. Kf2 Rxh7 45. Rxh7 a5 46. Rxc7 a4 47. Kf3 a3 48. Kf4 a2 49. Kg5 Kd6 50. Ra7 Kc6 51. Rxa2 Kb5 52. Rc2 Kb4 53. Rb8+ Ka3 54. Rc7 Ka4 55. Ra7# 1-0

[Event "XXVI. Rhein-Main-Open, Gruppe B"]
[Site "Bad Homburg vor der Höhe"]
[Date "2024.06.01"]
[Round "5"]
[White "Pham Tran, Phuong Bao"]
[Black "Accorsini, Luca"]
[Result "0-1"]
[WhiteElo "1887"]
[BlackElo "1519"]
[PlyCount "104"]
[EventDate "2024.??.??"]
[WhiteTeam "Sabt Frankfurter TV 1860"]
[BlackTeam "Sabt Frankfurter TV 1860"]

1. e4 e5 2. Nf3 Nc6 3. Bb5 Nf6 4. d3 Bc5 5. Bxc6 dxc6 6. Nbd2 O-O 7. Nc4 Re8 8. Ncxe5 Rxe5 9. Nxe5 Qd4 10. Be3 Qxe5 11. d4 Bb4+ 12. c3 Qxe4 13. cxb4 Qxg2 14. Kd2 Ne4+ 15. Kc1 Nxf2 16. Bxf2 Qxf2 17. Qd2 Qf3 18. Re1 Be6 19. a4 Qd5 20. Re5 Qc4+ 21. Qc3 Qf1+ 22. Re1 Qf4+ 23. Qd2 Qd6 24. Ra3 Rd8 25. Rd3 Qd5 26. Re5 Qc4+ 27. Qc3 Qa2 28. Qa3 Qxa3 29. bxa3 Rd5 30. Rxd5 cxd5 31. Rc3 c6 32. Kd2 g5 33. Rg3 h6 34. Kc3 Kg7 35. b5 Bd7 36. Kb4 f5 37. Re3 Kf6 38. Kc5 f4 39. Re1 f3 40. Rf1 g4 41. Kd6 Bf5 42. bxc6 bxc6 43. Kxc6 Bd3 44. Rf2 Ke6 45. h3 h5 46. hxg4 hxg4 47. Rh2 Bc4 48. Kc5 Kf5 49. Rh8 Kf4 50. Kb4 Kg3 51. Kc3 Kg2 52. Rg8 g3 0-1

[Event "XXVI. Rhein-Main-Open, Gruppe B"]
[Site "Bad Homburg vor der Höhe"]
[Date "2024.06.01"]
[Round "5"]
[White "Pishnograev, Ilya"]
[Black "Eckhard, Laura"]
[Result "1-0"]
[WhiteElo "1697"]
[BlackElo "1193"]
[PlyCount "67"]
[EventDate "2024.??.??"]
[WhiteTeam "SK Bad Homburg 1927"]
[BlackTeam "Sfr.Heidesheim"]

1. e4 d5 2. exd5 Qxd5 3. Nc3 Qd8 4. d4 Nf6 5. Bd3 Bg4 6. f3 Bc8 7. Nge2 e6 8. a3 Be7 9. Be3 O-O 10. Qd2 Nbd7 11. O-O-O a6 12. g4 Nb6 13. h4 Nfd5 14. Rdg1 Nxe3 15. Qxe3 Nd5 16. Nxd5 exd5 17. f4 Re8 18. Qg3 Bd6 19. Kb1 Bd7 20. g5 Qe7 21. Nc1 Qe3 22. Bxh7+ Kh8 23. Qxe3 Rxe3 24. Bd3 Rae8 25. g6 R8e7 26. h5 Kg8 27. f5 fxg6 28. hxg6 Rg3 29. Rf1 c6 30. Rh7 Re8 31. f6 Be6 32. Rxg7+ Kf8 33. f7 Bxf7 34. Rfxf7# 1-0

[Event "XXVI. Rhein-Main-Open, Gruppe B"]
[Site "Bad Homburg vor der Höhe"]
[Date "2024.06.01"]
[Round "5"]
[White "Rausch, Pius"]
[Black "Bensberg, Arno"]
[Result "0-1"]
[WhiteElo "1153"]
[BlackElo "1761"]
[PlyCount "120"]
[EventDate "2024.??.??"]
[WhiteTeam "SK Stadtallendorf"]
[BlackTeam "SC Hilchenbach"]

1. d4 d5 2. c4 Nf6 3. cxd5 Nxd5 4. Nf3 Bf5 5. Nbd2 Nf6 6. Qb3 b6 7. g3 e6 8. Bg2 Qd5 9. Nh4 Qxb3 10. Nxb3 Be4 11. O-O Bxg2 12. Kxg2 Be7 13. Nf3 O-O 14. Bf4 Nd5 15. Bd2 Nd7 16. Rac1 Rac8 17. a3 h6 18. e4 N5f6 19. e5 Nd5 20. Be3 a5 21. Rc2 Nb8 22. Rfc1 a4 23. Nbd2 b5 24. Ne4 Rfd8 25. Nc3 Nxc3 26. Rxc3 Rd7 27. Nd2 f5 28. f4 Kf7 29. Kf3 c6 30. h3 h5 31. h4 Bd8 32. b3 Ba5 33. b4 Bb6 34. Ke2 Bxd4 35. Bxd4 Rxd4 36. Nf3 Rd7 37. Ng5+ Ke7 38. Rd3 Rxd3 39. Kxd3 Rd8+ 40. Ke2 Rd5 41. Rc3 Rd7 42. Rc1 Rc7 43. Kd2 Na6 44. Rc3 Rd7+ 45. Ke2 Rc7 46. Kd2 c5 47. Nf3 Rd7+ 48. Kc1 cxb4 49. axb4 Nxb4 50. Kb2 Nd5 51. Rc5 b4 52. Rc4 Rc7 53. Rd4 Rc3 54. Rxb4 Rxf3 55. Rxa4 Rxg3 56. Ra7+ Kf8 57. Ra8+ Kf7 58. Ra7+ Kg6 59. Ra6 Nxf4 60. Kc2 Re3 0-1

[Event "XXVI. Rhein-Main-Open, Gruppe B"]
[Site "Bad Homburg vor der Höhe"]
[Date "2024.06.01"]
[Round "5"]
[White "Reinhardt, Anton"]
[Black "Fallouh, Philippe"]
[Result "0-1"]
[WhiteElo "1521"]
[BlackElo "1781"]
[PlyCount "50"]
[EventDate "2024.??.??"]
[WhiteTeam "Sabt Frankfurter TV 1860"]
[BlackTeam "SK Bad Homburg 1927"]

1. e4 e6 2. d4 d5 3. exd5 exd5 4. Nf3 Bd6 5. Bd3 c6 6. O-O Qc7 7. Re1+ Ne7 8. c4 Bg4 9. h3 dxc4 10. Bxc4 Bh5 11. Nc3 Nd7 12. d5 Ne5 13. Be2 Bxf3 14. Bxf3 O-O-O 15. dxc6 Nd3 16. cxb7+ Kb8 17. Re2 Nxf2 18. Qa4 Nxh3+ 19. gxh3 Nf5 20. Kg2 Bh2 21. Ne4 Rd4 22. Qc2 Rc4 23. Qd2 Nh4+ 24. Kf2 Rxe4 25. Qd3 Qg3+ 0-1

[Event "XXVI. Rhein-Main-Open, Gruppe B"]
[Site "Bad Homburg vor der Höhe"]
[Date "2024.06.01"]
[Round "5"]
[White "Riazi, Dominik"]
[Black "Li, Leo Jiayi"]
[Result "1/2-1/2"]
[WhiteElo "1207"]
[BlackElo "1151"]
[PlyCount "48"]
[EventDate "2024.??.??"]
[WhiteTeam "SK Bad Homburg 1927"]
[BlackTeam "SV Oberursel"]

1. e4 c5 2. Nf3 d6 3. d4 cxd4 4. Nxd4 Nf6 5. Nc3 g6 6. Be2 Bg7 7. O-O a6 8. Be3 Qb6 9. Ne6 Qxb2 10. Nc7+ Kf8 11. Nxa8 Qxc3 12. Nb6 Nxe4 13. Nxc8 Qxc8 14. Bd4 e5 15. Bb2 Ke7 16. Qd5 Qxc2 17. Rfc1 Qxe2 18. Rc7+ Nd7 19. Rxd7+ Kxd7 20. Qxf7+ Kd8 21. Qxg7 Re8 22. Qxb7 Nc5 23. Qb6+ Kd7 24. Ba3 Rc8 1/2-1/2

[Event "XXVI. Rhein-Main-Open, Gruppe B"]
[Site "Bad Homburg vor der Höhe"]
[Date "2024.06.01"]
[Round "5"]
[White "Schleicher, Nicolai"]
[Black "Brauer, Julian"]
[Result "0-1"]
[WhiteElo "1273"]
[BlackElo "1731"]
[PlyCount "118"]
[EventDate "2024.??.??"]
[WhiteTeam "SV Frankfurt Nord 1926"]
[BlackTeam "SC Herxheim"]

1. e4 Nf6 2. Nc3 d5 3. exd5 Nxd5 4. Nge2 Bg4 5. f3 Bh5 6. Nxd5 Qxd5 7. Nc3 Qa5 8. Bc4 e6 9. d3 c6 10. Bd2 Qb6 11. Bb3 Nd7 12. Qe2 Nc5 13. Be3 Qc7 14. h4 Nxb3 15. axb3 Qg3+ 16. Kd2 h6 17. Rxa7 Rxa7 18. Bxa7 Bb4 19. Qf2 Qf4+ 20. Be3 Qd6 21. g4 Bg6 22. h5 Bh7 23. Ra1 O-O 24. Kc1 Bxc3 25. bxc3 f5 26. Kb2 fxg4 27. Bc5 Qf4 28. Bxf8 Qxf8 29. Rf1 gxf3 30. Qxf3 Qe8 31. Qf4 Bf5 32. Qf3 g6 33. hxg6 Qxg6 34. Qf4 Kh7 35. Qc7+ Qg7 36. Qxg7+ Kxg7 37. Kc1 h5 38. Kd2 h4 39. Rf2 Kf6 40. Ke3 h3 41. b4 Kg5 42. Kf3 Kh4 43. Kf4 Bg4 44. d4 b5 45. Rd2 Bf5 46. Ke5 Kg3 47. Kd6 Be4 48. c4 bxc4 49. Kc5 Bd5 50. b5 cxb5 51. Kxb5 h2 52. Rxh2 Kxh2 53. Kb4 Kg2 54. Kc3 Kf2 55. Kd2 Kf3 56. c3 Kf2 57. Kc2 Ke2 58. Kc1 Kd3 59. Kb2 Kd2 0-1

[Event "XXVI. Rhein-Main-Open, Gruppe B"]
[Site "Bad Homburg vor der Höhe"]
[Date "2024.06.01"]
[Round "5"]
[White "Schmid, Herbert"]
[Black "Pichl, Johann"]
[Result "0-1"]
[WhiteElo "1818"]
[BlackElo "1708"]
[PlyCount "78"]
[EventDate "2024.??.??"]
[WhiteTeam "SK Wertheim"]
[BlackTeam "SK Bad Homburg 1927"]

1. e4 d5 2. exd5 Qxd5 3. Nc3 Qd8 4. Bc4 a6 5. Qf3 Nf6 6. h3 e6 7. a4 Nc6 8. d3 Ne5 9. Qe2 Nxc4 10. dxc4 Bb4 11. Bd2 Bd7 12. Nf3 Qe7 13. O-O O-O 14. Ne5 Rad8 15. Nxd7 Rxd7 16. Rfd1 Rfd8 17. Bg5 h6 18. Rxd7 Rxd7 19. Bxf6 Qxf6 20. Nd1 Qd8 21. c3 Be7 22. b4 Rd2 23. Qf3 Bf6 24. Rc1 c6 25. b5 a5 26. bxc6 bxc6 27. Ne3 Qd6 28. Ng4 Bg5 29. Re1 Rd3 30. Qe4 f5 31. c5 Qd5 32. Qxd5 cxd5 33. Ne5 Rxc3 34. Nd7 Kf7 35. Rb1 Bf4 36. g3 Bg5 37. Rb6 d4 38. c6 d3 39. Rb7 d2 0-1

[Event "XXVI. Rhein-Main-Open, Gruppe B"]
[Site "Bad Homburg vor der Höhe"]
[Date "2024.06.01"]
[Round "5"]
[White "Smid, Marcel"]
[Black "Gold, Jan Christian"]
[Result "0-1"]
[WhiteElo "1651"]
[BlackElo "1969"]
[PlyCount "60"]
[EventDate "2024.??.??"]
[BlackTeam "SK Bad Homburg 1927"]

1. e4 e6 2. d4 d5 3. Nd2 c5 4. Ngf3 cxd4 5. Nxd4 Nc6 6. exd5 Nxd4 7. c3 Nf5 8. dxe6 Bxe6 9. Bb5+ Bd7 10. Bc4 Qe7+ 11. Be2 Nf6 12. O-O Qd8 13. Re1 Be7 14. Qc2 O-O 15. Bd3 Nd6 16. Nf3 h6 17. Nd4 Re8 18. Bd2 Qa5 19. Qc1 Bf8 20. Re3 Rxe3 21. Bxe3 Qh5 22. Be2 Qa5 23. Nb3 Qc7 24. Bf4 Re8 25. Nd4 Qb6 26. Bf3 Nf5 27. Nxf5 Bxf5 28. Be3 Bc5 29. Bxc5 Qxc5 30. Bxb7 Re2 0-1

[Event "XXVI. Rhein-Main-Open, Gruppe B"]
[Site "Bad Homburg vor der Höhe"]
[Date "2024.06.01"]
[Round "5"]
[White "Vasudevan, Ananya"]
[Black "Pfaff, Helmut"]
[Result "0-1"]
[WhiteElo "1244"]
[BlackElo "1529"]
[PlyCount "110"]
[EventDate "2024.??.??"]
[WhiteTeam "SK Langen"]
[BlackTeam "Vorw.Orient Mainz"]

1. d4 d5 2. Nc3 Nf6 3. Bf4 Bd7 4. e3 c6 5. Nf3 Ne4 6. Qd3 Bf5 7. Nh4 e6 8. f3 Bb4 9. fxe4 Bxe4 10. Qd2 g5 11. Bxb8 Rxb8 12. Nf3 Qf6 13. Be2 g4 14. Ne5 Bxg2 15. Nxg4 Qh4+ 16. Nf2 Bxh1 17. Bd3 Rg8 18. Ke2 Qh5+ 19. Ke1 Rg1+ 20. Bf1 Bg2 21. Qe2 Bf3 22. Qd3 Qxh2 23. Nfd1 Bg2 24. Qe2 Ke7 25. e4 dxe4 26. Ne3 Rg8 27. Kd2 Bd6 28. Re1 Bf3 29. Qxh2 Bxh2 30. Be2 R1g3 31. Bxf3 exf3 32. Ne4 Rg1 33. Nf2 Rxe1 34. Kxe1 Rg1+ 35. Kd2 Bg3 36. Nh3 Be1+ 37. Kd3 Rg3 38. Nf4 f2 39. Ke2 Rxe3+ 40. Kxe3 f1=Q 41. Ne2 Bf2+ 42. Kd2 Qa1 43. Nc3 Qxb2 44. Nd1 Qxd4+ 45. Ke2 Bh4 46. Ne3 Qc5 47. Kf3 Bg5 48. Nd1 Qxc2 49. Ne3 Qxa2 50. Ke4 f5+ 51. Kd3 Qa3+ 52. Kc2 Bxe3 53. Kd1 Qd3+ 54. Ke1 Qd2+ 55. Kf1 Qf2# 0-1

[Event "XXVI. Rhein-Main-Open, Gruppe B"]
[Site "Bad Homburg vor der Höhe"]
[Date "2024.06.01"]
[Round "5"]
[White "Vogel, Kurt"]
[Black "Zerhusen, Martin"]
[Result "0-1"]
[WhiteElo "1751"]
[BlackElo "1805"]
[PlyCount "44"]
[EventDate "2024.??.??"]
[WhiteTeam "DJK Aufwärts St. Josef Aachen"]
[BlackTeam "SV Rüsselsheim 1929"]

1. d4 d5 2. Bf4 c6 3. c3 f5 4. e3 Nf6 5. Nd2 e6 6. Ngf3 Be7 7. Be2 O-O 8. O-O Ne4 9. h3 g5 10. Bh2 Nd7 11. Ne5 Bf6 12. Nxd7 Qxd7 13. f3 Nxd2 14. Qxd2 Qg7 15. Qd1 Bd7 16. f4 Qh6 17. Rc1 Kf7 18. Bh5+ Ke7 19. g4 Rg8 20. Rc2 gxf4 21. Bxf4 Qxh5 22. Rh2 fxg4 0-1

[Event "XXVI. Rhein-Main-Open, Gruppe B"]
[Site "Bad Homburg vor der Höhe"]
[Date "2024.06.01"]
[Round "5"]
[White "Wolf, Helena"]
[Black "Senft, Stefanie"]
[Result "1-0"]
[WhiteElo "1498"]
[BlackElo "790"]
[PlyCount "43"]
[EventDate "2024.??.??"]
[WhiteTeam "SK Bad Homburg 1927"]
[BlackTeam "SF Bremer Osten Bgh. Mahndorf"]

1. e4 e5 2. Nf3 Nc6 3. Bc4 Be7 4. d4 exd4 5. Nxd4 d6 6. O-O Nf6 7. Nxc6 bxc6 8. Nc3 O-O 9. Bf4 Nxe4 10. Nxe4 d5 11. Bd3 dxe4 12. Bxe4 Rb8 13. Rb1 Rb4 14. Qxd8 Bxd8 15. f3 f5 16. a3 fxe4 17. axb4 Rxf4 18. fxe4 Rxe4 19. Rbe1 Re7 20. Rd1 Rd7 21. Rxd7 Bxd7 22. Rd1 1-0

[Event "XXVI. Rhein-Main-Open, Gruppe B"]
[Site "Bad Homburg vor der Höhe"]
[Date "2024.06.01"]
[Round "5"]
[White "Ziegler, Christopher"]
[Black "Bretschneider, Andreas"]
[Result "1-0"]
[WhiteElo "1740"]
[BlackElo "1156"]
[PlyCount "55"]
[EventDate "2024.??.??"]
[WhiteTeam "SV 1920 Kelsterbach"]
[BlackTeam "Sabt Frankfurter TV 1860"]

1. e4 e5 2. Nc3 Nf6 3. f4 d6 4. Nf3 Nc6 5. Bc4 Be6 6. Bxe6 fxe6 7. fxe5 dxe5 8. O-O Ng4 9. g3 Bc5+ 10. Kg2 O-O 11. Na4 Bd6 12. h3 Nh6 13. d3 Qf6 14. Be3 Be7 15. Nc5 Qg6 16. Nd7 Rf7 17. Ndxe5 Qh5 18. Nxf7 Nxf7 19. Nd4 Qg6 20. Nxc6 bxc6 21. Qd2 Bh4 22. Qf2 Ne5 23. Qf4 Bf6 24. Bd4 Nxd3 25. cxd3 Bxd4 26. Qxc7 c5 27. Rf3 Qg5 28. Qf7+ 1-0

[Event "XXVI. Rhein-Main-Open, Gruppe B"]
[Site "Bad Homburg vor der Höhe"]
[Date "2024.06.01"]
[Round "5"]
[White "Ahrends, Norbert"]
[Black "Meyer Jany, Marcel"]
[Result "1/2-1/2"]
[WhiteElo "1944"]
[BlackElo "1785"]
[PlyCount "36"]
[EventDate "2024.??.??"]
[WhiteTeam "SK 1980 Gernsheim"]
[BlackTeam "SK Herborn 1946"]

1. d4 Nf6 2. c4 e6 3. Nc3 Bb4 4. Qc2 d5 5. a3 Bxc3+ 6. Qxc3 dxc4 7. Qxc4 O-O 8. Nf3 b6 9. g3 Bb7 10. Bg2 Nbd7 11. O-O c5 12. dxc5 Nxc5 13. b4 Bd5 14. Qf4 Nb3 15. Rb1 Qb8 16. Qh4 Nxc1 17. Rbxc1 Qb7 18. Qf4 Rac8 1/2-1/2

[Event "XXVI. Rhein-Main-Open, Gruppe B"]
[Site "Bad Homburg vor der Höhe"]
[Date "2024.06.01"]
[Round "5"]
[White "Kulkovets, Roman"]
[Black "Reimer, Otto"]
[Result "1-0"]
[WhiteElo "1684"]
[BlackElo "1911"]
[PlyCount "61"]
[EventDate "2024.??.??"]
[WhiteTeam "SAbt TuS Makkabi Ffm"]
[BlackTeam "SK Bad Homburg 1927"]

1. e4 c5 2. Nc3 d6 3. d4 cxd4 4. Qxd4 Nc6 5. Qd2 Nf6 6. b3 e5 7. Bb2 Be7 8. O-O-O O-O 9. f3 a6 10. Kb1 Qc7 11. g4 Be6 12. Nd5 Bxd5 13. exd5 Nb8 14. h4 Nbd7 15. Ne2 Rac8 16. Ng3 Nb6 17. c4 g6 18. Qh6 Rfe8 19. Rg1 Kh8 20. Bd3 Bf8 21. Qe3 Bg7 22. h5 Ng8 23. Rh1 Ne7 24. f4 Nbxd5 25. cxd5 Nxd5 26. Qf3 Nxf4 27. g5 Qe7 28. h6 Nxd3 29. hxg7+ Kxg7 30. Qxd3 Qxg5 31. Ne4 1-0

[Event "XXVI. Rhein-Main-Open, Gruppe B"]
[Site "Bad Homburg vor der Höhe"]
[Date "2024.06.01"]
[Round "5"]
[White "Muehlpfordt, Werner"]
[Black "Wesener, Joachim"]
[Result "0-1"]
[WhiteElo "1971"]
[BlackElo "1699"]
[PlyCount "72"]
[EventDate "2024.??.??"]
[WhiteTeam "SC 1997 Lambsheim"]
[BlackTeam "SC Hilchenbach"]

1. e4 c5 2. Nf3 d6 3. d4 cxd4 4. Nxd4 Nf6 5. Nc3 g6 6. Be3 Bg7 7. f3 a6 8. Bc4 O-O 9. Bb3 Nc6 10. Qd2 Na5 11. O-O-O Nxb3+ 12. axb3 Qa5 13. Kb1 Qc7 14. h4 h5 15. Bh6 Bd7 16. g4 hxg4 17. h5 Qc5 18. Bxg7 Kxg7 19. hxg6 fxg6 20. f4 Rh8 21. f5 Kf7 22. Qg5 gxf5 23. Nxf5 Bxf5 24. exf5 Rag8 25. Qf4 Rxh1 26. Rxh1 Qc6 27. Re1 g3 28. Qe3 Qd7 29. Rg1 Qxf5 30. Rxg3 Rxg3 31. Qxg3 e5 32. Ka2 d5 33. Qg2 Ke6 34. Qg1 d4 35. Na4 Qxc2 36. Qg7 Qc6 0-1

[Event "XXVI. Rhein-Main-Open, Gruppe B"]
[Site "Bad Homburg vor der Höhe"]
[Date "2024.06.01"]
[Round "5"]
[White "Fernandez Egea, Andres"]
[Black "Lopez Fuertes, Victor"]
[Result "1-0"]
[WhiteElo "1892"]
[BlackElo "1748"]
[PlyCount "53"]
[EventDate "2024.??.??"]
[WhiteTeam "SF Frankfurt 1921"]
[BlackTeam "SC 1910 Höchst"]

1. e4 b6 2. d4 Bb7 3. Nc3 e6 4. a3 d6 5. Nf3 Nd7 6. Bd3 g6 7. O-O Bg7 8. Bg5 Ne7 9. Qe2 a6 10. Rad1 h6 11. Be3 O-O 12. Nd2 e5 13. Nf3 Qc8 14. dxe5 dxe5 15. Bc4 b5 16. Ba2 Kh7 17. Rd2 f5 18. Be6 fxe4 19. Nh4 Bc6 20. Rfd1 g5 21. Bxd7 Bxd7 22. Rxd7 Qe8 23. Bc5 Rf7 24. Qxe4+ Kg8 25. Bxe7 gxh4 26. Rd8 Rxe7 27. Qxa8 1-0

[Event "XXVI. Rhein-Main-Open, Gruppe B"]
[Site "Bad Homburg vor der Höhe"]
[Date "2024.06.01"]
[Round "6"]
[White "Arnold, Michael"]
[Black "Keller, Konstantin"]
[Result "1/2-1/2"]
[WhiteElo "1829"]
[BlackElo "1686"]
[PlyCount "47"]
[EventDate "2024.??.??"]
[WhiteTeam "SK Langen"]
[BlackTeam "SV 1920 Hofheim"]

1. d4 Nf6 2. Nf3 d5 3. e3 c5 4. b3 Bg4 5. h3 Bh5 6. Bb2 Nc6 7. Nbd2 e6 8. Be2 Bd6 9. c4 O-O 10. O-O Qc7 11. Rc1 Bg6 12. dxc5 Be7 13. Ba3 Qa5 14. cxd5 exd5 15. Bb2 Qxa2 16. Bc3 a5 17. Nh4 Nb4 18. Nxg6 hxg6 19. Ra1 Qc2 20. Qxc2 Nxc2 21. Rxa5 Rxa5 22. Bxa5 Bxc5 23. Rc1 Bb4 24. Bxb4 1/2-1/2

[Event "XXVI. Rhein-Main-Open, Gruppe B"]
[Site "Bad Homburg vor der Höhe"]
[Date "2024.06.01"]
[Round "6"]
[White "Beier, Claus Christian"]
[Black "Graf, Michael"]
[Result "1/2-1/2"]
[WhiteElo "1674"]
[BlackElo "1775"]
[PlyCount "77"]
[EventDate "2024.??.??"]
[WhiteTeam "SK Bad Homburg 1927"]
[BlackTeam "Schachunion Schorndorf e.V."]

1. e4 c5 2. Nf3 e6 3. c4 Qc7 4. Nc3 a6 5. d4 cxd4 6. Nxd4 b6 7. Be2 Bb7 8. O-O d6 9. Be3 Nd7 10. Qd2 Ngf6 11. f3 Be7 12. Rfd1 O-O 13. Rac1 Rac8 14. Bf4 Rfd8 15. b3 Ne5 16. Be3 Qb8 17. Na4 Ba8 18. Qb4 Ned7 19. Nc2 a5 20. Qe1 Nc5 21. Nxc5 dxc5 22. Rxd8+ Rxd8 23. Rd1 Bd6 24. g3 h6 25. Qc3 Rd7 26. Bf2 Bc6 27. Kg2 h5 28. Ne3 Be5 29. Qc1 Bd4 30. Nf1 Qe5 31. Qf4 Qxf4 32. gxf4 Bxf2 33. Kxf2 Rxd1 34. Bxd1 Kh7 35. Ne3 Kh6 36. h4 Ng8 37. Kg3 Ne7 38. Bc2 f6 39. f5 1/2-1/2

[Event "XXVI. Rhein-Main-Open, Gruppe B"]
[Site "Bad Homburg vor der Höhe"]
[Date "2024.06.01"]
[Round "6"]
[White "Bensberg, Arno"]
[Black "Roth, Benjamin"]
[Result "0-1"]
[WhiteElo "1761"]
[BlackElo "1630"]
[PlyCount "90"]
[EventDate "2024.??.??"]
[WhiteTeam "SC Hilchenbach"]
[BlackTeam "Sabt Frankfurter TV 1860"]

1. d4 Nf6 2. c4 c5 3. Nf3 cxd4 4. Nxd4 e5 5. Nf3 Be7 6. Nxe5 Qa5+ 7. Bd2 Qxe5 8. Bc3 Qh5 9. Nd2 b6 10. Nf3 Bb7 11. g3 Nc6 12. Bg2 Rd8 13. Qc2 Bb4 14. O-O Bxc3 15. Qxc3 O-O 16. Rad1 d5 17. cxd5 Nxd5 18. Qb3 Nf6 19. Rc1 Nd4 20. Nxd4 Bxg2 21. Kxg2 Rxd4 22. f3 Rfd8 23. Rc7 R4d7 24. Rfc1 Rxc7 25. Rxc7 Re8 26. e4 Rd8 27. Qc2 Qg5 28. Rc8 Ne8 29. f4 Qe7 30. Rc3 h6 31. Re3 Qd6 32. Re2 Nc7 33. Qa4 a5 34. Rc2 Ne6 35. Rf2 Nc5 36. Qc2 Re8 37. e5 Qd5+ 38. Kh3 Qxa2 39. Rd2 Qe6+ 40. Kg2 Rc8 41. Qd1 Qf5 42. Rd6 Qe4+ 43. Kh3 Qb4 44. Qg4 Re8 45. Rxh6 Ne4 0-1

[Event "XXVI. Rhein-Main-Open, Gruppe B"]
[Site "Bad Homburg vor der Höhe"]
[Date "2024.06.01"]
[Round "6"]
[White "Benz, Juergen"]
[Black "Pham Tran, Phuong Bao"]
[Result "0-1"]
[WhiteElo "1666"]
[BlackElo "1887"]
[PlyCount "114"]
[EventDate "2024.??.??"]
[WhiteTeam "SK Bad Homburg 1927"]
[BlackTeam "Sabt Frankfurter TV 1860"]

1. e4 d6 2. d4 Nf6 3. Bd3 e5 4. c3 c6 5. Bg5 Be7 6. h3 Be6 7. Nf3 Nbd7 8. O-O h6 9. Bh4 g5 10. Bg3 Nh5 11. dxe5 Nxg3 12. fxg3 dxe5 13. Nh2 Qb6+ 14. Kh1 Qxb2 15. Nd2 Qxc3 16. Rf3 Qa5 17. Nc4 Qc7 18. Qc2 h5 19. Rf2 O-O-O 20. Qc3 Bc5 21. Rff1 Bd4 22. Qa3 Bxa1 23. Rxa1 Bxc4 24. Bxc4 Nb6 25. Bxf7 Qxf7 26. Qxa7 Nd7 27. Rb1 Nb8 28. Nf1 Rd7 29. Kg1 Rhd8 30. Ne3 Rd2 31. Nf5 Rd1+ 32. Rxd1 Rxd1+ 33. Kh2 Qc7 34. Qc5 Rd7 35. Qc4 b5 36. Qg8+ Kb7 37. Qxg5 Qa5 38. Qxh5 Qxa2 39. Qf3 b4 40. g4 b3 41. Qc3 b2 42. Qb4+ Ka8 43. Qc5 b1=Q 44. Qxe5 Qbb2 45. Qg3 Qf2 46. g5 Rd2 47. Nh4 Qf1 48. g6 Rd1 49. Qe3 Qh1+ 50. Kg3 Qe1+ 51. Qxe1 Rxe1 52. g7 Rxe4 53. Nf5 Qb3+ 54. Kh2 Nd7 55. h4 Nf6 56. g3 Re2+ 57. Kh3 Qd5 0-1

[Event "XXVI. Rhein-Main-Open, Gruppe B"]
[Site "Bad Homburg vor der Höhe"]
[Date "2024.06.01"]
[Round "6"]
[White "Boscher, Hans"]
[Black "Kesavan, Sarvesh"]
[Result "1/2-1/2"]
[WhiteElo "1750"]
[BlackElo "1670"]
[PlyCount "49"]
[EventDate "2024.??.??"]
[WhiteTeam "SC Bad Soden"]
[BlackTeam "SK Bad Homburg 1927"]

1. e4 c5 2. Be2 e6 3. d3 Nc6 4. c3 d5 5. f4 Nf6 6. e5 Nd7 7. Nf3 Be7 8. O-O O-O 9. d4 g6 10. Be3 Qb6 11. Qd2 cxd4 12. cxd4 f5 13. Nc3 a6 14. Rac1 Ndb8 15. Na4 Qa7 16. a3 Bd7 17. Nc5 b6 18. Nxd7 Qxd7 19. Rc3 Ra7 20. Rfc1 Rc7 21. b4 b5 22. Ne1 Qc8 23. Qc2 Qb7 24. Nd3 Rfc8 25. Nc5 1/2-1/2

[Event "XXVI. Rhein-Main-Open, Gruppe B"]
[Site "Bad Homburg vor der Höhe"]
[Date "2024.06.01"]
[Round "6"]
[White "Bretschneider, Andreas"]
[Black "Graef, Kilian Gabriel"]
[Result "0-1"]
[WhiteElo "1156"]
[BlackElo "1683"]
[PlyCount "80"]
[EventDate "2024.??.??"]
[WhiteTeam "Sabt Frankfurter TV 1860"]
[BlackTeam "SV Frankfurt Nord 1926"]

1. d4 Nf6 2. Nc3 g6 3. e4 d6 4. f4 Bg7 5. e5 dxe5 6. fxe5 Nd5 7. Bd2 Nc6 8. Bc4 Be6 9. Bb5 Qd7 10. Qf3 a6 11. Bxc6 bxc6 12. h3 Nb4 13. O-O-O Qxd4 14. a3 Nd5 15. Bf4 Qb6 16. Bg3 Rb8 17. b3 Qa5 18. Nb1 Bf5 19. Be1 Qc5 20. Bc3 Bxe5 21. Ne2 O-O 22. g4 Nxc3 23. Nexc3 Bxc3 24. gxf5 Bg7 25. fxg6 fxg6 26. Qd3 Bh6+ 27. Kb2 Qe5+ 28. c3 Qe6 29. c4 Rfd8 30. Qf3 Rf8 31. Qd3 Rbd8 32. Qc2 Qe5+ 33. Ka2 Bg7 34. Nd2 Rf2 35. Rhf1 Re2 36. Qc1 Qe3 37. Kb1 Rdxd2 38. Rxd2 Rxd2 39. Qe1 Qd3+ 40. Kc1 Qc2# 0-1

[Event "XXVI. Rhein-Main-Open, Gruppe B"]
[Site "Bad Homburg vor der Höhe"]
[Date "2024.06.01"]
[Round "6"]
[White "Faisz, David"]
[Black "Schmid, Herbert"]
[Result "0-1"]
[WhiteElo "1565"]
[BlackElo "1818"]
[PlyCount "86"]
[EventDate "2024.??.??"]
[WhiteTeam "SK 1926 Ettlingen"]
[BlackTeam "SK Wertheim"]

1. c4 c5 2. Nc3 Nf6 3. Nf3 Nc6 4. g3 g6 5. Bg2 Bg7 6. O-O O-O 7. d3 d6 8. e3 Ng4 9. d4 cxd4 10. exd4 Bf5 11. Nh4 Bd7 12. h3 Nf6 13. Be3 Rb8 14. Qd2 Qc8 15. Kh2 Nd8 16. b3 Ne6 17. d5 Nc5 18. Bh6 Re8 19. Bxg7 Kxg7 20. Rh1 b5 21. Kg1 b4 22. Ne2 Qa6 23. Nf3 Nxb3 24. axb3 Qxa1+ 25. Bf1 Qb1 26. Qe3 Qe4 27. Qxe4 Nxe4 28. h4 h6 29. Bh3 Bxh3 30. Rxh3 e6 31. Nf4 e5 32. Nd3 Nc3 33. Nc1 Rb6 34. g4 Ra6 35. Kg2 Ra1 36. Rh1 a5 37. Nd2 e4 38. Re1 f5 39. gxf5 gxf5 40. Kg3 Kf6 41. Kf4 Rxc1 42. Rxc1 Ne2+ 43. Ke3 Nxc1 0-1

[Event "XXVI. Rhein-Main-Open, Gruppe B"]
[Site "Bad Homburg vor der Höhe"]
[Date "2024.06.01"]
[Round "6"]
[White "Fallouh, Philippe"]
[Black "Hensel, Roman"]
[Result "1-0"]
[WhiteElo "1781"]
[BlackElo "1743"]
[PlyCount "45"]
[EventDate "2024.??.??"]
[WhiteTeam "SK Bad Homburg 1927"]
[BlackTeam "SV Oberursel"]

1. d4 d5 2. e3 Nf6 3. Bd3 c5 4. b3 cxd4 5. exd4 Nc6 6. Nf3 Bg4 7. c3 e6 8. O-O Qc7 9. h3 Bh5 10. Nbd2 Rc8 11. Bb2 Bd6 12. Rc1 O-O 13. Qc2 Qe7 14. Qb1 Bf4 15. Rc2 b5 16. Re1 a6 17. g3 Bd6 18. Ne5 Bxe5 19. dxe5 Nd7 20. f4 Ndxe5 21. fxe5 Qg5 22. Nf1 Nxe5 23. Bc1 1-0

[Event "XXVI. Rhein-Main-Open, Gruppe B"]
[Site "Bad Homburg vor der Höhe"]
[Date "2024.06.01"]
[Round "6"]
[White "Francke, Helmut"]
[Black "Ahrends, Norbert"]
[Result "0-1"]
[WhiteElo "1895"]
[BlackElo "1944"]
[PlyCount "52"]
[EventDate "2024.??.??"]
[WhiteTeam "SC Bad Nauheim"]
[BlackTeam "SK 1980 Gernsheim"]

1. Nf3 d5 2. g3 Nf6 3. Bg2 Bf5 4. d3 h6 5. O-O e6 6. Nbd2 Be7 7. b3 O-O 8. Bb2 Nbd7 9. c4 c6 10. Rc1 Bg6 11. a3 a5 12. Qc2 Re8 13. Qc3 Bf8 14. b4 axb4 15. axb4 e5 16. e3 e4 17. Nh4 Bh7 18. dxe4 dxe4 19. Bh3 Ne5 20. Rfd1 Qe7 21. Nf5 Qxb4 22. Qxb4 Bxb4 23. Nb3 Nd3 24. Rb1 Ra2 25. Nxh6+ Kf8 26. Bf1 Nxb2 0-1